Statistics for Guess the product

Click here to take the quiz!

General Stats

  • This quiz has been taken 12 times
  • The average score is 6 of 13

Answer Stats

% Correct
Plop, plop, fizz, fizz, oh what a relief it is.Alka Seltzer
100%
I wish I were an ______ weiner. That is what I truly wish to be.Oscar Mayer
100%
It's the San Francisco treatRice-A-Roni
90%
What did Mr. Wipple squeeze?Charmin'
70%
Meow meow meow meow, meow meow meow meow, meow meow meow meow. . . .Meow Mix
70%
Product so slow there's a lot of Anticipation.Heinz Ketchup
50%
He's a ____, she's a ____, we're ____, wouldn't you like to be a ____ too?Pepper (Dr. Pepper)
50%
There's something about an ______ man.Aqua Velva
30%
Who walks the stairs without a care? Everyone knows it’s a _____.Slinky
30%
Mother Nature did not like being fooled by this product.Chiffon Margarine
10%
It reminded someone of wild hickory nuts.Grape Nuts
10%
Brusha brusha brusha, it's a new _____.Ipana
10%
Good morning world, I'm a ready for you.Levis
10%

Score Distribution

Percentile by Number Answered

Percent of People with Each Score

Your Score History

You have not taken this quiz